| 000 | 00830cab a2200265 4500 | ||
|---|---|---|---|
| 001 | ABS58647 | ||
| 008 | 090401t1998 xxu||||| |||| 00| 0 eng d | ||
| 035 | _a(Sirsi) u85867 | ||
| 041 | _aeng | ||
| 100 | _aMitchell, S. | ||
| 245 | _aLabour needs a vision for the countryside | ||
| 260 | _c1998 | ||
| 350 | _a0 | ||
| 490 |
_aCountry Life _v23 April 1998, 82-83(2) |
||
| 520 | _aConsiders contents for a new Rural White Paper following an announcement by the Environment Minister, that a white paper is imminent. Looks at the countryside issues raised since the change of government. | ||
| 650 | _aCOUNTRYSIDE | ||
| 650 | _aGOVERNMENT POLICY | ||
| 650 | _aGOVERNMENT | ||
| 650 | _aRURAL AREAS | ||
| 650 |
_aRural _96268 |
||
| 650 | _aWHITE PAPER | ||
| 690 | _aRURAL PRACTICE | ||
| 942 | _n0 | ||
| 948 | _c28/04/1998 | ||
| 999 |
_c54016 _d54016 |
||